| 000 | 00614nam a2200205 4500 | ||
|---|---|---|---|
| 003 | OSt | ||
| 005 | 20240702071325.0 | ||
| 006 | a | ||
| 008 | 240702b |||||||| |||| 00| 0 eng d | ||
| 040 |
_aDWCL-Main lib. _cOC |
||
| 082 | _aCirc. 338.9 P448e 2006 | ||
| 100 | _aPerkins,Dwight H. | ||
| 245 | _aEconomics of development / | ||
| 260 |
_aNew York: _bW.W. Norton & C., _cc2006. |
||
| 300 |
_axxv, _b864 p.: ill.; _c25cm. |
||
| 504 | _aIncludes bibliographical references & index. | ||
| 650 | _a1. Developing countries-Economic policy. | ||
| 650 | _a2. Economic development. | ||
| 942 |
_2ddc _n0 _cBK-CIRC _kCirc. |
||
| 999 |
_c1816 _d1816 |
||